<?xml version="1.0" encoding="UTF-8"?>
<collection xmlns="http://www.loc.gov/MARC21/slim">
 <record>
  <leader>00517pamaa2200157   4500</leader>
  <controlfield tag="001">0000023963</controlfield>
  <controlfield tag="005">20051116090000.0</controlfield>
  <datafield tag="020" ind1="0" ind2="0">
   <subfield code="a">0807070505 </subfield>
  </datafield>
  <datafield tag="082" ind1=" " ind2=" ">
   <subfield code="a">303.484092 CLI</subfield>
  </datafield>
  <datafield tag="090" ind1="0" ind2="0">
   <subfield code="a">HQ1413.C45 </subfield>
   <subfield code="b">CLI</subfield>
  </datafield>
  <datafield tag="100" ind1="1" ind2="0">
   <subfield code="a">CLIFFORD </subfield>
  </datafield>
  <datafield tag="245" ind1="1" ind2="0">
   <subfield code="a">Crusader for freedom : </subfield>
   <subfield code="b">a life of Lydia Maria Child  </subfield>
   <subfield code="c">Deborah Pickman Clifford.</subfield>
  </datafield>
  <datafield tag="260" ind1="0" ind2="0">
   <subfield code="a">Boston: </subfield>
   <subfield code="b">Beacon Press, </subfield>
   <subfield code="c">1992.</subfield>
  </datafield>
  <datafield tag="300" ind1=" " ind2=" ">
   <subfield code="a">265p.; </subfield>
   <subfield code="c">25cm.</subfield>
  </datafield>
  <datafield tag="650" ind1="0" ind2="0">
   <subfield code="a">Child, Lydia Maria Francis, 1802-1880 -- </subfield>
   <subfield code="x">Biography </subfield>
  </datafield>
  <datafield tag="650" ind1="0" ind2="0">
   <subfield code="a">Women social reformers -- </subfield>
   <subfield code="x">Biography -- </subfield>
   <subfield code="z">United States </subfield>
  </datafield>
 </record>
</collection>
